00702nam a2200217 a 450000100060000000300090000600800410001502000150005604000280007108200140009910000320011324500650014526000360021030000240024649000250027050500380029565000400033370000440037370000370041770000300045424246CO-ViMGA141112s2004 ck r 000 u spa d a9582406313 aCO-ViMGAbspacCO-ViMGA04a540 S151i1 aSamacá Prieto, Nubia Elsy10aIntroducción a la química / cNubia Elsy Samacá Prieto aColombia : bSantillana, c2001 a112 p. : il.; 28 cm aQuímica santillana aIncluye bibliografía e índice14aQuímica - Enseñanza secundaria 1 aBenavides Escobar, Olga Jeannette, ed. 1 aLema Posada, Juan Guillermo, il.1 aRosales Ortíz, Armando